Podmienky evidencie na úrade práce a poskytovania dávky v nezamestnanosti po strate zamestnania v SR alebo v inom členskom štáte EÚ

Podmienky zaradenia do evidencie uchádzačov o zamestnanie. Výkon zárobkovej činnosti v súbehu s evidenciou na úrade. Platenie poistného za účelom zabezpečenia príjmu v nezamestnanosti. Výška dávky v nezamestnanosti. Podmienky nároku na dávku v nezamestnanosti. Poskytovanie dávky v nezamestnanosti po...

Description complète

Enregistré dans:
Détails bibliographiques
Auteur principal: Strýčková, Jolana
Format: Chapitre de livre
Langue:slovaque
Sujets:
Tags: Ajouter un tag
Pas de tags, Soyez le premier à ajouter un tag!

MARC

LEADER 00000naa a2200000 4500
001 0192070
005 20231109104607.0
041 0 |a slo 
044 |a SK 
245 1 0 |a Podmienky evidencie na úrade práce a poskytovania dávky v nezamestnanosti po strate zamestnania v SR alebo v inom členskom štáte EÚ  |c Jolana Strýčková 
520 |a Podmienky zaradenia do evidencie uchádzačov o zamestnanie. Výkon zárobkovej činnosti v súbehu s evidenciou na úrade. Platenie poistného za účelom zabezpečenia príjmu v nezamestnanosti. Výška dávky v nezamestnanosti. Podmienky nároku na dávku v nezamestnanosti. Poskytovanie dávky v nezamestnanosti po strate zamestnania v inom členskom štáte EÚ. 
610 2 0 |a nezamestnanosť 
610 2 0 |a dávky v nezamestnanosti 
610 2 0 |a úrady práce 
610 2 0 |a Slovensko 
610 2 0 |a Európska únia 
100 1 |a Strýčková, Jolana